| 000 | 00435nam a22001697a 4500 | ||
|---|---|---|---|
| 999 |
_c12172 _d12172 |
||
| 008 | 220623b ||||| |||| 00| 0 eng d | ||
| 020 | _a817224263B | ||
| 082 |
_a621.4022 _bSUC |
||
| 100 | _aSucec, James | ||
| 245 | _aHeat Transfer | ||
| 250 | _a1994 | ||
| 260 |
_aBombay _bJaico Publishing House _c1994 |
||
| 300 | _axvii, 837p. | ||
| 650 | _aHeat--Transmission | ||
| 650 | _aHeat--Transmission--Study and teaching | ||
| 942 | _cBK | ||